Josephus Miseratione Divina Episcopus Scepusiensis Venerabilibus Fratribus, Filiisque In Christo Dilectissimis, Clero Dioecesis Nostrae Scepusiensis Saeculari, Et Regulari Salutem In Domino, Et Paternam Benedictionem

Bibliographic Details
Format: Book
Language:Latin
PhysicalDescription:[3] s. 33 cm
Published: [B.m.] [b.t.] [okolo r. 1826]
Subjects:

MARC

LEADER 00000nam a2200000 a 4500
001 vtls001269109
003 SK-MaSNL
005 20260301064504.0
008 180810s1826 0 lat
035 |a SNK000220139 
040 |a SNK  |b slo  |c SNK  |e AACR2 
041 0 |a lat 
072 7 |a 2  |x Náboženstvo  |2 konspekt 
080 |a 21/29-1/-9  |2 2011 
130 0 |a Josephus  |9 381860 
245 0 |a Josephus Miseratione Divina Episcopus Scepusiensis Venerabilibus Fratribus, Filiisque In Christo Dilectissimis, Clero Dioecesis Nostrae Scepusiensis Saeculari, Et Regulari Salutem In Domino, Et Paternam Benedictionem 
260 |a [B.m.]  |b [b.t.]  |c [okolo r. 1826] 
300 |a [3] s.  |c 33 cm 
650 0 7 |a náboženstvo  |2 SNKPH  |9 2023 
852 |a Slovenská národná knižnica  |b Historické fondy  |p OSB 2575 
958 |a ONDV 
958 |a DF 
999 |c 627079  |d 629009 
952 |a SNK  |b SNK  |y PREZ  |7 0  |p 17A1487238  |o snkOSB 2575  |i snkK 555/73  |8 3  |0 0  |1 0  |4 0  |d 1996-12-05  |l 0  |r 2005-01-01 00:00:00  |w 2026-02-23